书目信息 |
| 题名: |
登山健身指南
|
|
| 作者: | 周锦琳 主编 ;国家体育总局 编 | |
| 分册: | ||
| 出版信息: | 北京 人民体育出版社 2013 |
|
| 页数: | 136页 | |
| 开本: | 23cm | |
| 丛书名: | 科学健身指导丛书 | |
| 单 册: | ||
| 中图分类: | G881 , G881-62 | |
| 科图分类: | ||
| 主题词: | 登山运动 | |
| 电子资源: | ||
| ISBN: | 978-7-5009-4399-0 | |
| 000 | 01194nam0 2200313 450 | |
| 001 | 1537354166 | |
| 005 | 20150706102428.78 | |
| 010 | @a978-7-5009-4399-0@dCNY32.00 | |
| 049 | @aA210000LPL@bUCS01005906363@c012004642687 | |
| 090 | @aG881@bzjl | |
| 096 | @aG881@bzjl | |
| 100 | @a20130409d2013 em y0chiy50 ea | |
| 101 | 0 | @achi |
| 102 | @aCN@b110000 | |
| 105 | @aa z 000yy | |
| 106 | @ar | |
| 200 | 1 | @a登山健身指南@Adeng shan jian shen zhi nan@b专著@f国家体育总局编 |
| 210 | @a北京@c人民体育出版社@d2013 | |
| 215 | @a136页@c彩照@d23cm | |
| 225 | 1 | @a科学健身指导丛书 |
| 300 | @a“全民健身计划2011-2015年”重点图书 | |
| 330 | @a本书共分六章,第一章为登山运动概况,简要介绍了登山健身的定义及其作用;第二章介绍了登山的一些误区和风险防范的知识;第三章登山健身路径的选择;第四章登山健身的科学方法;第五章登山装备的选择;第六章登山健身中常见的运动医学问题,如常见的伤病及其防治方法,登山健身过程中的营养补充等。 | |
| 606 | 0 | @a登山运动 |
| 690 | @aG881@v5 | |
| 690 | @aG881-62@v4 | |
| 701 | 0 | @a周锦琳@c(登山)@Azhou jin lin@4主编 |
| 712 | 02 | @a国家体育总局@Aguo jia ti yu zong ju@4编 |
| 801 | 0 | @aCN@b110017@c20130322 |
| 905 | @a213230@dG881-62@et35 | |
| 登山健身指南/国家体育总局编 .-北京:人民体育出版社,2013 |
| 136页:彩照;23cm .-(科学健身指导丛书 ) |
| “全民健身计划2011-2015年”重点图书 |
| ISBN 978-7-5009-4399-0:CNY32.00 |
| 本书共分六章,第一章为登山运动概况,简要介绍了登山健身的定义及其作用;第二章介绍了登山的一些误区和风险防范的知识;第三章登山健身路径的选择;第四章登山健身的科学方法;第五章登山装备的选择;第六章登山健身中常见的运动医学问题,如常见的伤病及其防治方法,登山健身过程中的营养补充等。 |
| ● |
| 相关链接 |
|
|
|
|
正题名:登山健身指南
索取号:G881-62/t35
 
预约/预借
| 序号 | 登录号 | 条形码 | 馆藏地/架位号 | 状态 | 备注 |
| 1 | 6940466 | 269404664 | 密集书库-体育系/ [索取号:G881-62/t35] | 在馆 | |
| 2 | 6940467 | 269404673 | 密集书库-体育系/ [索取号:G881-62/t35] | 在馆 |